00995nam a2200241Ia 4500003000900000008004100009040001600050080001900066111010600085245018600191260002600377300001000403490002300413650002100436650004100457650002500498650002300523700002700546710003500573942000700608999001500615952012300630IN-BaIIA211028s9999 xx 000 0 eng d cIIA Library a523.985.3bOHM aSymposium on mass motions in solar flares and related phenomenan9thcAnacaprid1968 June 10-1295944 0aMass motions in solar flares and related phenomenabproceedings of the Ninth Noble Symposium held in Anacapri, on the Island of Capri, Italy, June 10-12, 1968cedited by Yngue Ohman aNew YorkbWileyc1968 a245p. aNobel symposium; 9 aActive Sun95272 aAstronomy and Astrophysics Thesaurus aSolar Activity91424 aSolar Flares94046 aOhman, Yngue ed.95945 aUniversity of California95946 cBK c3354d3354 00104070aBANbBANcGENd1969-12-24g158.76l0o523.985.3/ OHMp3729r2021-11-05v158.76w1969-12-24yBKGRs. 158.76